000 00437nam a2200133Ia 4500
005 20260328101456.0
008 260328s9999||||xx |||||||||||||| ||und||
100 _aPipes, Alan
245 0 _aDibujo para diseñadores :
_b Técnicas, bocetos de concepto, Sistemas informáticos, ilustración, Medios, presentaciones, Diseño por ordenador /
_cAlan Pipes
260 _bBlume
300 _a224 p.
650 _aDISEÑO INDUSTRIAL
942 _cBK
999 _c8839
_d8839